Smallest Countries with Cities over 1M - Statistics

General Stats
  • This quiz has been taken 1,360 times
    1,252 since last reset
  • The average score is 12 of 25
Answer Stats
Country Population Largest City Population Country % Correct
5,453,600 7,900,000 Singapore
88%
2,799,202 2,300,000 Qatar
70%
1,501,635 1,570,000 Bahrain
67%
4,670,713 4,500,000 Kuwait
67%
4,278,500 1,560,000 Panama
62%
5,850,189 1,690,000 Denmark
60%
5,402,171 1,210,000 Norway
58%
5,514,825 1,320,000 Finland
57%
5,163,038 2,375,000 Costa Rica
56%
5,011,500 1,400,000 Ireland
56%
6,769,000 1,790,000 Lebanon
54%
5,132,600 1,490,000 New Zealand
53%
4,513,666 1,330,000 Oman
50%
3,554,915 1,870,000 Uruguay
50%
6,595,674 1,350,000 Nicaragua
48%
2,963,900 1,500,000 Armenia
46%
3,728,573 1,360,000 Georgia
44%
3,403,194 1,430,000 Mongolia
33%
2,487,000 1,010,000 Gambia
32%
6,663,000 1,120,000 Kyrgyzstan
29%
6,118,000 1,440,000 Turkmenistan
26%
4,661,010 1,650,000 Liberia
23%
5,633,412 1,230,000 Central African Republic
15%
4,271,197 1,310,000 Mauritania
15%
5,657,000 2,350,000 Republic of the Congo
14%
No matching quizzes found
Score Distribution
Percent of People with Each Score
Percentile by Number Answered
Your Score History
You have not taken this quiz since the last reset